000 01461nam0a22003131 4500
001 rc\3033919
005 20250805160813.4
035 _a(NLR Aleph) 007174667
090 _a7381214
_c7381214
100 _a20111005d1945 |||y0rusy50 ca
101 0 _arus
102 _aRU
105 _aac z |||||
200 1 _aСтахановцы промышленности боеприпасов
_fЦентр. ком-т Профсоюза рабочих пром-сти боеприпасов СССР
210 _aМосква
_cизд-во и тип. Профиздата
_d1945
215 _a75 с.
_cпортр., черт.
_d14 см
300 _aНа обороте тит. л. указаны составители: работников ЦК Профсоюза рабочих пром-сти боеприпасов СССР тт. Акатов П.А., Россинский С.Л., Руссак Б.В. и П.П. Агарков
702 1 _aАкатов
_bП. А.
_4220
702 1 _aРоссиянский
_bС. Л.
_4220
702 1 _aРуссак
_bБ. В.
_4220
702 1 _aАгарков
_bП. П.
_4220
712 0 2 _aСоюз рабочих промышленности боеприпасов СССР
_bЦК
_3RU\NLR\AUTH\889975657
_4570
801 0 _aRU
_bNLR
_gpsbo
801 1 _aRU
_bELAR
_2rusmarc
852 _aNLR
_jВ60 Г-2/1170
942 _cBOOK
945 _aРоссийская национальная библиотека
980 _aNB
980 _aBV